Francúzsko-slovenský slovník

Gespeichert in:
Bibliographische Detailangaben
1. Verfasser: Porubská, Emília
Weitere Verfasser: Gründlerová, Viera
Format: Buch
Sprache:Französisch
Slowakisch
Veröffentlicht: Bratislava Ikar 2002
Schlagworte:
Tags: Tag hinzufügen
Keine Tags, Fügen Sie das erste Tag hinzu!

MARC

LEADER 00000nam a2200000 4500
001 c141008
005 20221124092052.7
020 |a 80-551-0259-7 
041 0 |a fre 
041 0 |a slo 
044 |a SK 
245 1 0 |a Francúzsko-slovenský slovník  |c E. Porubská, V. Gründlerová 
264 1 |a Bratislava  |b Ikar  |c 2002 
300 |a 799 s. 
610 2 0 |a jazykoveda 
610 2 0 |a terminológia 
610 2 0 |a jazyky cudzie 
100 1 |a Porubská, Emília 
700 1 |a Gründlerová, Viera